Câu tiếng Việt và nội dung dạy học câu ở trường phổ thông

Kiến thức căn bản về câu tiếng Việt trên cả ba bình diện cú pháp hình thức, ngữ nghĩa học và ngữ dụng học. Nội dung dạy học câu tiếng Việt trong sách giáo khoa phổ thông hiện hành

Shranjeno v:
Bibliografske podrobnosti
Glavni avtor: Nguyễn Thị Thìn
Format: Knjiga
Jezik:Vietnamese
Izdano: H. Đại học Quốc gia Hà Nội 2001
Teme:
Oznake: Označite
Brez oznak, prvi označite!
Thư viện lưu trữ: Mạng thư viện Đại học Đà Nẵng
LEADER 01421nam a22003618a 4500
001 000015645
003 12028
005 20120531080514.0
008 120531s2001 b 000 0 vieod
020 |c 21500đ  |d 1000b 
041 0 |a vie 
080 |a 4(V)-06 
082 |a 495.9225  |b NG-T 
084 |a V172.1-2  |b C125T 
100 1 |a Nguyễn Thị Thìn 
245 1 0 |a Câu tiếng Việt và nội dung dạy học câu ở trường phổ thông  |c Nguyễn Thị Thìn 
260 |a H.  |b Đại học Quốc gia Hà Nội  |c 2001 
300 |a 315tr  |c 21cm 
500 |a Thư mục: tr. 313 - 315 
520 |a Kiến thức căn bản về câu tiếng Việt trên cả ba bình diện cú pháp hình thức, ngữ nghĩa học và ngữ dụng học. Nội dung dạy học câu tiếng Việt trong sách giáo khoa phổ thông hiện hành 
653 |a Tiếng Việt 
653 |a Trường phổ thông 
653 |a Phương pháp giảng dạy 
OWN |a LSP 
AVA |a UDN50  |b LSP  |d 495.9225 NG-T  |e available  |t Error 5001 Not defined in file expand_doc_bib_avail.  |f 2  |g 0  |h N  |i 0  |k 1 
999 |a From the UDN01 
AVA |a UDN50  |b LSP  |d 495.9225 NG-T  |e available  |t Error 5001 Not defined in file expand_doc_bib_avail.  |f 2  |g 0  |h N  |i 0  |k 1 
TYP |a Monograph 
TYP |a Printed language 
980 |a Mạng thư viện Đại học Đà Nẵng